Normal view
MARC view
Entry Personal Name
001 - CONTROL NUMBER
- control field: 75629
003 - CONTROL NUMBER IDENTIFIER
- control field: dpl
005 - DATE AND TIME OF LATEST TRANSACTION
- control field: 20241224124428.0
008 - FIXED-LENGTH DATA ELEMENTS
- fixed length control field: 241224|| aca||aabn | a|a d
040 ## - CATALOGING SOURCE
- Original cataloging agency: dpl
- Transcribing agency: dpl
100 ## - HEADING--PERSONAL NAME
- Personal name: Gupta, Arun
670 ## - SOURCE DATA FOUND
- Source citation: Work cat.: (dpl)207930: Gupta, Arun , The Treasures of the Sun God/, 2024
